000 01005nam a22002657a 4500
999 _c65393
_d65393
005 20240530110822.0
008 190711s2019 ua a g 000 0 ara d
017 _a2018/26928
_bمصر. دار الكتب
020 _a9789773833546
040 _aEG-CaGPL
_cEG-CaGPL
082 0 4 _221
_a153.42 /
_bج أ
100 1 _aجوناراتان ، فين. هينيبولا
245 1 2 _aالاستنارة :
_bالاصول والفلسفة والتدريبات /
_cتأليف فين. هينيبولا جوناراتان ؛ ترجمة محمود عيد مصطفى
250 _aط.1
260 _aالقاهرة :
_bايتراك للطباعة و النشر و التوزيع،
_c2019 .
300 _a222 ص. ؛
_c24 سم.
650 0 7 _2qrmak
_aالادراك
650 0 7 _aالتركيز
650 0 7 _aالاستنارة
650 0 7 _aاليقظة
650 0 7 _aالشعور
700 0 _aماجدة مخلوف
_eمترجم
942 _2ddc
_cBK